Public Grain Warehouse Law, Texas Agriculture Code.

Bibliographic Details
Corporate Authors: Texas, Texas. Department of Agriculture
Format: Government Document Book
Language:English
Published: Austin, Tex. : Dept. of Agriculture, [1988]
Subjects:

MARC

Tag First Indicator Second Indicator Subfields
LEADER 00000cam a2200000 a 4500
001 in00001069510
005 20150929095738.0
008 881108s1988 txu l s00010 eng d
035 |a (OCoLC)18723513 
035 |9 AFN6384AM 
040 |a IKM  |c IKM  |d UtOrBLW 
049 |a IKMD 
086 |a A900.4 G761 1988  |2 txdocs 
099 9 |a A900.4  |a G761  |a 1988 
110 1 |a Texas. 
240 1 0 |a Public Grain Warehouse Law (1988) 
245 1 0 |a Public Grain Warehouse Law, Texas Agriculture Code. 
264 1 |a Austin, Tex. :  |b Dept. of Agriculture,  |c [1988] 
300 |a 14 unnumbered pages ;  |c 22 cm. 
336 |a text  |b txt  |2 rdacontent 
337 |a unmediated  |b n  |2 rdamedia 
338 |a volume  |b nc  |2 rdacarrier 
500 |a "May, 1988"--Cover. 
650 0 |a Grain elevators  |x Law and legislation  |z Texas. 
650 0 |a Granaries  |x Law and legislation  |z Texas. 
710 1 |a Texas.  |b Department of Agriculture. 
999 |a MARS 
999 f f |s 90ac9231-c350-3355-98ce-7e52fd5342a7  |i ff4abea9-5d9e-3226-8240-c6d10fcff0ca  |t 0 
952 f f |p normal  |a Texas A&M University  |b College Station  |c Sterling C. Evans Library  |d Evans: Texas Documents (Annex 5th floor)  |t 0  |e A900.4 G761 1988  |h Other scheme  |i unmediated -- volume  |m A14814486304 
998 f f |a A900.4 G761 1988  |t 0  |l Evans: Texas Documents (Annex 5th floor)